000 00807aam a2200301 i 4500
001 768714001
003 CO-MdFUSB
005 20250528143744.0
007 ta
008 250527t1985 -us||||| |||| 00| 0 eng d
020 _a0-8007-5236-8
040 _cCO-MdFUSB
041 0 _aeng
082 0 4 _223
_a248.4
_bW9471m
100 1 _aWright, H. Norman
_eautor
245 1 0 _aMaking peace with your past
_c/ H. Norman Wright
264 1 _bFleming H. Revell,
_aOld Tappan, New Jersey, USA :
_c[1985]
264 4 _c©1985
300 _a190 páginas
336 _atexto
_btxt
_2rdacontent
337 _2rdamedia
_asin mediación
_bn
338 _2rdacarrier
_avolumen
_bnc
563 _aRústico
650 1 0 _aVida cristiana
_919
942 _cBK
945 _aElías Tolentino
999 _c35982
_d35982